Ecological genetics : design, analysis, and application

Αποθηκεύτηκε σε:
Λεπτομέρειες βιβλιογραφικής εγγραφής
Κύριος συγγραφέας: Lowe, Andrew Dr
Άλλοι συγγραφείς: Harris, Stephen 1966-, Ashton, Paul Dr
Μορφή: Βιβλίο
Γλώσσα:English
Δημοσίευση: Malden : Blackwell, 2004
Θέματα:
Ετικέτες: Προσθήκη ετικέτας
Δεν υπάρχουν, Καταχωρήστε ετικέτα πρώτοι!

MARC

LEADER 00000nam a2200000 i 4500
001 1/89111
008 080618s2004 eng d
020 |a 978-1-4051-0033-5 
035 |l 10098282 
040 |a GR-MY-UA  |b gre  |e aacr 
041 0 |a eng 
082 0 |a 576.58  |2 (22) 
100 1 |a Lowe, Andrew  |c Dr. 
245 1 0 |a Ecological genetics :  |b design, analysis, and application /  |c Andrew Lowe, Stephen Harris, Paul Ashton 
260 |a Malden :   |b Blackwell,   |c 2004 
300 |a xi, 326 σ.;  |b σχ., διαγρ.;  |c 25 εκ. 
504 |a Περιέχει βιβλιογραφικές αναφορές 
504 |a Ευρετήριο: σ. 320-326 
650 0 0 |a Ecological genetics. 
650 0 0 |a Ecology. 
650 0 0 |a Genetics. 
700 1 |a Harris, Stephen  |d 1966- 
700 1 |a Ashton, Paul  |c Dr. 
852 |a INST  |b LESVOS  |e 20080618  |h 576.58 LOW  |p 005100042636  |q 005100042636  |t BK  |y 0 
901 |a BIBL1-2008-2 
909 |a Λ  |b 144982 
922 |a 1ΕΛΗ  |b 200801  |c ΕΠΕΑΕΚ2/ΤΠ  |d ΕΛΕΥΘΕΡΟΥΔΑΚΗΣ 
970 |a ΧΑΤΖΗΜΙΧΑΗΛ  |b ΜΑΡΙΑ  |z 2008/06/18